000 02074nam a2200469 c 4500
003 BLK
005 20250119004111.0
008 180410b bul|||||r ||||||| ||bul||
010 _aKNG00172050000
020 _a978-954-28-1655-3
_bиздат.: Сиела Норма
040 _aBLK
041 _aBUL
_cBUL
072 7 _2bullib
_aН92
_xИстория Н
080 _aСлавяни и прабългари. Старо балканско население. Българските земи през V - VІІ век
_b94(497.2)"05/06"
_x
_z94(497.2)"05/06"
080 _aОсобености на духовния живот. Съзнание. Духовно развитие на човека. Диференциална психология. Генетична психология. Еволюционна психология
_b159.922
_x(=867)
_z159.922(=867)
100 1 _aМомчев, Иван Милчев
_eпърви автор
_9293438
139 _aМомчев, Иван Милчев
_bМ 84
245 1 0 _aИзкуплението
_bБългарите до IX в. : Духовна матрица и произход
_cИван Милчев Момчев.
257 _aBGR
260 София
_bСиела Норма
_c2015
300 _a204 с.
_c23 см
380 _a9
490 1 _aHistoria incognita
500 _aБиблиогр. с. 201-203.
650 4 _aБългари - произход
_9264498
650 4 _aПрабългари
_9167314
650 0 _aБългария - история
_9244493
651 4 _aБългария
_9241624
653 _aбългари
653 _aпроизход на българите
653 _aпрабългари
653 _aписменост
653 _aзороастризъм
653 _aправославие
659 _aН
852 _aЦб 273003
856 4 _qpdf
_u
856 4 _qpdf
_u
942 _cKNG
_n0
_04
944 _aCR
_c24.02.2015
_lCRON CRON
_k
944 _aED
_c16.03.2016
_lф /
_kЛюдмила_Стоянова
999 _c164535
_d164535